Valores constitucionales y derecho

Detalles Bibliográficos
Autor principal: Fernǹdez Garca̕, Eusebio
Formato: Desconocido
Lenguaje:español
Publicado: Madrid : Dykinson, 2009
Materias:
Acceso en línea:Acceso restringido

MARC

LEADER 00000ny a22000003n 4500
005 2011060804504.0
008 100514s2009 sp 000 0 spa d
020 |a 9788498497885 
035 |a 4931 
040 |a UCAR  |d vLex 
080 |a 340.12 
080 |a 342.4 
090 |c 575  |d 575 
100 1 |a Fernǹdez Garca̕, Eusebio 
245 1 0 |a Valores constitucionales y derecho  |h [Recurso electrn̤ico]  |c Eusebio Fernǹdez Garca̕ 
256 |a Servicio en ln̕ea 
260 |a Madrid :  |b Dykinson,  |c 2009 
300 |a 127 p. ;  |c 21 cm 
506 1 |a Contenido solo disponible en los productos indicados  |d vLex Global  |d vLex Global (Academic Edition, excluding Law Schools)  |d vLex Global (U.S. Academic Edition, Law Schools)  |d vLex Global (U.S. Academic Edition, excluding Law Schools)  |d vLex Global (Academic Edition, Law Schools) 
650 0 4 |a Derecho constitucional 
650 0 4 |a Derecho  |x Filosofa̕ 
740 0 |a vLex Libros (Servicios en ln̕ea) 
856 4 0 |u http://vlex.com/source/4931  |z Acceso restringido 
942 |c BOOK 
999 0 4 |a Constitutional law  |b Madrid 
999 0 4 |a Derecho. 
999 0 4 |a Derechos fundamentales. 
999 0 4 |a Filosofa̕.